| 000 | 01655cam a22003494a 4500 | ||
|---|---|---|---|
| 001 | 14391097 | ||
| 003 | PILC | ||
| 005 | 20150512110330.0 | ||
| 008 | 060524s2007 nyu b 001 0 eng | ||
| 010 | _a 2006017453 | ||
| 020 | _a9789814246149 | ||
| 035 | _a(DNLM)101277527 | ||
| 040 |
_aDNLM/DLC _cDLC _dDLC |
||
| 042 | _apcc | ||
| 050 | 0 | 0 |
_aRT 55 _b.G38 2007 |
| 060 | 1 | 0 |
_aWY 18.2 _bG277 2007 |
| 082 | 0 | 0 | _a610.73076 |
| 100 | 1 | _aGauwitz, Donna F. | |
| 245 | 1 | 0 |
_aPractice questions for NCLEX-RN / _cDonna F. Gauwitz. |
| 250 | _aThomas Asian Edition. | ||
| 260 |
_aClifton Park, NY : _bThomson Delmar Learning, _c2007. |
||
| 300 |
_axxi, 1178 pages ; _c28 cm. |
||
| 504 | _aIncludes bibliographical references and index. | ||
| 538 | _aSystems requirement for accompanying CD-ROM: Microsoft Windows 98SE, Microsoft Windows 2000, or Microsoft Windows XP. RAM: 32 MB for Windows 98SE, 64MB for Windows 2000, and 128 MB for Windows XP; Hard disk space: 40MB. Display: 800x600 with 16-bit color. PDA Operating System Requirements: Windows Mobile 2003 or newer or Palm OS 3.0 or newer. Devices must have a minimum of 6MB of available memory for the full question database. | ||
| 650 | 0 |
_aNursing _vExaminations, questions, etc. |
|
| 650 | 1 | 2 |
_aNursing Process _vExamination Questions. |
| 650 | 2 | 2 |
_aNursing Care _vExamination Questions. |
| 856 | 4 | 1 |
_3Table of contents only _uhttp://www.loc.gov/catdir/toc/ecip0614/2006017453.html |
| 906 |
_a7 _bcbc _corignew _d1 _eecip _f20 _gy-gencatlg |
||
| 942 |
_2lcc _cBK |
||
| 999 |
_c283968 _d283968 |
||